| 000 | nam a22 7a 4500 | ||
|---|---|---|---|
| 999 |
_c9174 _d9174 |
||
| 008 | 180413b ||||| |||| 00| 0 eng d | ||
| 020 | _a978-1-259-92214-5 | ||
| 082 |
_22018 _aDC 370.15 _bSa59 |
||
| 100 |
_927385 _aSantrock, John W. |
||
| 245 |
_aEducational psychology/ _cJohn W. Santrock |
||
| 250 | _aSixth Edition | ||
| 260 |
_aNew York: _bMcGraw Hill Education, _c©2018. |
||
| 300 |
_axxxvi, 564 pages: _bcolor illustrations; _c27 cm. |
||
| 500 | _aIncludes bibliographical references and indexes. | ||
| 650 | 0 |
_927386 _aEducational psychology |
|
| 365 |
_b5,145.00 _cPhp |
||
| 942 |
_2ddc _cDC |
||